| Tag |
First Indicator |
Second Indicator |
Subfields |
| LEADER |
00000cam a2200000 4500 |
| 001 |
in00000055187 |
| 005 |
20151008052201.0 |
| 008 |
740918s1936 nyu b 00000 eng u |
| 010 |
|
|
|a 37000520
|
| 035 |
|
|
|a (OCoLC)01013729
|
| 035 |
|
|
|9 AAH2107AM
|
| 040 |
|
|
|c LMC
|d TXA
|d UtOrBLW
|
| 049 |
|
|
|a TXAM
|c [78035]
|
| 050 |
|
0 |
|a HG4359
|b .W5 1936
|
| 092 |
|
|
|a 332.63
|b W734i
|
| 100 |
1 |
|
|a Willis, Henry Parker,
|d 1874-1937.
|
| 245 |
1 |
0 |
|a Investment banking.
|
| 250 |
|
|
|a Rev. ed.,
|b by H. Parker Willis ... and Jules I. Bogen.
|
| 264 |
|
1 |
|a New York,
|a London :
|b Harper,
|c [1936]
|
| 300 |
|
|
|a xiv, 667 pages :
|b illustrations ;
|c 22cm
|
| 336 |
|
|
|a text
|b txt
|2 rdacontent
|
| 337 |
|
|
|a unmediated
|b n
|2 rdamedia
|
| 338 |
|
|
|a volume
|b nc
|2 rdacarrier
|
| 504 |
|
|
|a References at end of each chapter.
|
| 650 |
|
0 |
|a Banks and banking.
|
| 650 |
|
0 |
|a Investments.
|
| 700 |
1 |
|
|a Bogen, Jules I.
|q (Jules Irwin),
|d 1903-1963.
|3 joint author
|
| 999 |
|
|
|a MARS
|
| 999 |
f |
f |
|s e048e06e-5fe7-3486-aa5f-aa747d623735
|i 32638a65-36c7-3671-9526-52f01258e8aa
|t 0
|
| 952 |
f |
f |
|p ric
|a Texas A&M University
|b Rellis Campus
|c Joint Library Facility
|d Remote Storage
|t 0
|e HG4359 .W5 1936
|h Library of Congress classification
|i unmediated -- volume
|m A14800736438
|
| 998 |
f |
f |
|a HG4359 .W5 1936
|t 0
|l Remote Storage
|